|
|
|
|
| LEADER |
00000caa a2200000 c 4500 |
| 001 |
1357070071 |
| 003 |
DE-627 |
| 005 |
20220527151822.0 |
| 007 |
tu |
| 008 |
081022s2008 xx ||||| 00| ||ger c |
| 020 |
|
|
|a 9783531144498
|
| 035 |
|
|
|a (DE-627)1357070071
|
| 035 |
|
|
|a (DE-576)287070077
|
| 035 |
|
|
|a (DE-599)BSZ287070077
|
| 040 |
|
|
|a DE-627
|b ger
|c DE-627
|e rakwb
|
| 041 |
|
|
|a ger
|
| 100 |
1 |
|
|a Lange, Hans-Jürgen
|d 1961-
|0 (DE-588)129034797
|0 (DE-627)387886567
|0 (DE-576)297459228
|4 aut
|
| 109 |
|
|
|a Lange, Hans-Jürgen 1961-
|
| 245 |
1 |
0 |
|a Formulierung, Implementation und Evaluierung von kriminalpolitischen Programmen
|c Hans-Jürgen Lange; Jean-Claude Schenck; Stephan Heinrich
|
| 264 |
|
1 |
|c 2008
|
| 336 |
|
|
|a Text
|b txt
|2 rdacontent
|
| 337 |
|
|
|a ohne Hilfsmittel zu benutzen
|b n
|2 rdamedia
|
| 338 |
|
|
|a Band
|b nc
|2 rdacarrier
|
| 700 |
1 |
|
|a Schenck, Jean-Claude
|0 (DE-588)129034800
|0 (DE-627)387886575
|0 (DE-576)297459236
|4 aut
|
| 700 |
1 |
|
|a Heinrich, Stephan
|0 (DE-588)128708220
|0 (DE-627)378306197
|0 (DE-576)297291378
|4 aut
|
| 773 |
0 |
8 |
|i In
|t Kriminalpolitik
|b 1. Aufl.
|d Wiesbaden : VS Verl. für Sozialwissenschaften, 2008
|g (2008), Seite 137-154
|h 469 S.
|w (DE-627)477544649
|w (DE-576)11578862X
|z 3531144499
|z 9783531144498
|7 nnam
|
| 773 |
1 |
8 |
|g year:2008
|g pages:137-154
|
| 951 |
|
|
|a AR
|
| ELC |
|
|
|b 1
|
| LOK |
|
|
|0 000 xxxxxcx a22 zn 4500
|
| LOK |
|
|
|0 001 2583060775
|
| LOK |
|
|
|0 003 DE-627
|
| LOK |
|
|
|0 004 1357070071
|
| LOK |
|
|
|0 005 20260216144829
|
| LOK |
|
|
|0 008 081022||||||||||||||||ger|||||||
|
| LOK |
|
|
|0 040
|a DE-21-110
|c DE-627
|d DE-21-110
|
| LOK |
|
|
|0 689
|a s
|a Kriminalpolitik
|
| LOK |
|
|
|0 689
|a s
|a Polizei
|
| LOK |
|
|
|0 689
|a s
|a Politikevaluierung
|
| LOK |
|
|
|0 689
|a s
|a Demokratie
|
| LOK |
|
|
|0 852
|a DE-21-110
|
| LOK |
|
|
|0 852 1
|m p
|9 00
|
| LOK |
|
|
|0 935
|a tre1
|
| LOK |
|
|
|0 938
|k p
|
| LOK |
|
|
|0 939
|a 22-10-08
|b l01
|
| ORI |
|
|
|a WA-MARC-krimdoka001.raw
|